000 00589nam a2200229Ia 4500
003 OSt
005 20220924135331.0
006 a|||||r|||| 00| 0
007 ta
008 220923b |||||||| |||| 00| 0 ben d
024 _a290554
037 _cTextual
040 _aARTS
_cARTS
_bben
041 _2ben
_aben
082 _aO113,3M97,1, 157H4
100 _aMarikha
_9210099
245 0 _aAll quaet on the western eront
260 _c1944
650 _aGERMAN LITERATURE
_915713
942 _hO113,3M97,1, 157H4
_cTEXL
_2CC
999 _c440311
_d440311